Собрание сочинений. Т. 6: [Зверобой, или Первая тропа войны (Запись № 9536494)
[ простой вид ]
| 000 -МАРКЕР | |
|---|---|
| контрольное поле | 01265nam2a22002651 4500 |
| 001 - ИДЕНТИФИКАТОР ЗАПИСИ | |
| контрольное поле | rc\924970 |
| 005 - ИДЕНТИФИКАТОР ВЕРСИИ | |
| контрольное поле | 20250612170507.0 |
| 035 ## - ДРУГИЕ СИСТЕМНЫЕ НОМЕРА | |
| Идентификатор записи | (NLR Aleph) 008742196 |
| 100 ## - ДАННЫЕ ОБЩЕЙ ОБРАБОТКИ | |
| Данные общей обработки | 20041129d1982 |||y0rusy50 ca |
| 101 1# - ЯЗЫК РЕСУРСА | |
| Язык текста, звукозаписи и т.д. | русский |
| Язык оригинала | английский |
| 102 ## - СТРАНА ПУБЛИКАЦИИ ИЛИ ПРОИЗВОДСТВА | |
| Страна публикации | Российская Федерация |
| 105 ## - ПОЛЕ КОДИРОВАННЫХ ДАННЫХ: ТЕКСТОВЫЕ МАТЕРИАЛЫ, МОНОГРАФИЧЕСКИЕ | |
| Кодированные данные о монографическом текстовом документе | a ||||||||| |
| 200 1# - ЗАГЛАВИЕ И СВЕДЕНИЯ ОБ ОТВЕТСТВЕННОСТИ | |
| Основное заглавие | [Зверобой, или Первая тропа войны |
| Сведения, относящиеся к заглавию | Роман |
| Первые сведения об ответственности | Пер. Т. Грица] |
| 210 ## - ПУБЛИКАЦИЯ, РАСПРОСТРАНЕНИЕ И ДР. | |
| Дата издания, распространения и т.д. | 1982 |
| Место издания, распространения и т.д. | Б. м. |
| 215 ## - ФИЗИЧЕСКАЯ ХАРАКТЕРИСТИКА | |
| Специфическое обозначение материала и объем | 496 с., 4 л. цв. ил. |
| Размеры | 21 |
| 461 #0 - УРОВЕНЬ НАБОРА | |
| Встроенное поле | 001rc\924964 |
| -- | 2001#$aСобрание сочинений$eВ 7 т.$e[Перевод]$fДжеймс Фенимор Купер$g[Сост., общ. ред. и вступ. ст. С. Иванько$gИл. И. Ушакова]$vТ. 6 |
| -- | 700#1$aКупер$bД.Ф.$gДжеймс Фенимор$f1789-1851 |
| Системный номер (АБИС) связанной записи | 7914244 |
| Автор | Купер, Д.Ф. (1789-1851) |
| Место публикации | М. |
| Дата публикации | 1982- |
| Первые сведения об ответственности | Джеймс Фенимор Купер |
| Имя издателя, распространителя и т.д. | Правда |
| Сведения, относящиеся к заглавию | В 7 т. : [Перевод] |
| Заглавие | Собрание сочинений |
| Номер тома | Т. 6 |
| 517 0# - ДРУГИЕ ВАРИАНТЫ ЗАГЛАВИЯ | |
| Вариант заглавия | Зверобой, или Первая тропа войны |
| 517 0# - ДРУГИЕ ВАРИАНТЫ ЗАГЛАВИЯ | |
| Вариант заглавия | Первая тропа войны |
| 801 #0 - ИСТОЧНИК ЗАПИСИ | |
| Страна | Российская Федерация |
| Организация | NLR |
| Правила каталогизации | psbo |
| 801 #1 - ИСТОЧНИК ЗАПИСИ | |
| Страна | Российская Федерация |
| Организация | ELAR |
| Источник данных | rusmarc |
| 801 #2 - ИСТОЧНИК ЗАПИСИ | |
| Страна | Российская Федерация |
| Организация | NLR |
| Дата составления | 20050717 |
| Источник данных | rusmarc |
| 852 ## - МЕСТОНАХОЖДЕНИЕ И ШИФР ХРАНЕНИЯ | |
| Идентификатор организации | NLR |
| Шифр хранения (Call Number) | 83-3/1329 |
| 942 ## - ДОПОЛНИТЕЛЬНЫЕ ЭЛЕМЕНТЫ ЗАПИСИ (АБИС) | |
| Тип экземпляра АБИС | Книга |
| 980 ## - КОЛЛЕКЦИЯ | |
| Название коллекции | Национальная библиография |
| Тип экземпляра | Дата поступления | Библиотека постоянного хранения | Библиотека текущего хранения | Место хранения | Шифр хранения | Штрих-код | Статус экземпляра | Источник поступления |
|---|---|---|---|---|---|---|---|---|
| Книга | 26.10.2013 | РНБ (Московский) | РНБ (Московский) | Русский книжный фонд: издания с 1957 года | 83-3/1329 | 8742196-10 | ||
| Книга | 08.06.2022 | РНБ (Московский) | РНБ (Московский) | Русский книжный фонд: издания с 1957 года | 83-3/1329 | 1-3582796 | ||
| Книга | 22.04.2014 | РНБ (Садовая) | РНБ (Садовая) | Фонд научного зала литературы и искусства | Нз Ш6(7США)/К-921 | 1-491113 | Подсобные фонды РНБ |